Zielorientiert und praxisverbunden studieren - erfolgreicher im Leben Dokumentation Symposium Arge Führungslehre an FH (Mai 1988) und BLK-Modellversuch "Praxisverbundes Studium"

Gespeichert in:
Bibliographische Detailangaben
1. Verfasser: Wagner, Hardy
Weitere Verfasser: Hohenadel, Werner
Format: Buch
Sprache:Deutsch
Veröffentlicht: Speyer GABAL 1989
Ausgabe:1. Aufl.
Schlagworte:
Tags: Tag hinzufügen
Keine Tags, Fügen Sie das erste Tag hinzu!

MARC

LEADER 00000nam a2200000 4500
001 c005181
005 20221215125025.9
020 |a 3-923984-27-8 
041 0 |a ger 
044 |a DE 
245 1 0 |a Zielorientiert und praxisverbunden studieren - erfolgreicher im Leben  |b Dokumentation Symposium Arge Führungslehre an FH (Mai 1988) und BLK-Modellversuch "Praxisverbundes Studium"  |c Hardy Wagner, Werner Hohenadel 
250 |a 1. Aufl. 
264 1 |a Speyer  |b GABAL  |c 1989 
300 |a 159 s. 
610 2 0 |a Nemecko 
610 2 0 |a školy vysoké 
610 2 0 |a štúdium vysokoškolské 
610 2 0 |a riadenie 
610 2 0 |a teória a prax 
610 2 0 |a vyučovanie 
610 2 0 |a motivácia 
610 2 0 |a modely 
610 2 0 |a projekty 
610 2 0 |a voľba povolania 
100 1 |a Wagner, Hardy 
700 1 |a Hohenadel, Werner